| 000 | 01411nam a2200265 ar4500 | ||
|---|---|---|---|
| 001 | 3237 | ||
| 005 | 20221127090716.0 | ||
| 008 | 130428s su a 00010 ara d | ||
| 020 | _a9789960546339(غلاف مقوي) | ||
| 082 | 0 | 4 |
_a378.107 _bر814 |
| 100 | 1 | _aراولي، دانيال جيمس. | |
| 245 | 1 | 2 |
_aالتغيير الاستراتيجي في الكليات والجامعات : _bالتخطيط من اجل البقاء والازدهار / _cدانيال راولي، هيرمان لوجان، مايكل دولينس ؛ ترجمة عمرو الملاح ؛ مراجعة عبدالمطلب جابر. |
| 250 | _aط. 1. | ||
| 260 |
_aالرياض : _bمكتبة العبيكان، _c2012. |
||
| 300 |
_a344 ص. : _bايض. ؛ _c24 سم. |
||
| 440 | 0 |
_aمشروع الترجمة المشترك ؛ _v53. |
|
| 500 | _aترجمة لكتاب: Strategic change in colleges and universities / Daniel Rowley, H. Lujan. M.Dolence. 1997. | ||
| 504 | _aيتضمن ارجاعات ببليوجرافية ص. 331-344. | ||
| 650 | 4 |
_aالتعليم العالي _xتخطيط. |
|
| 650 | 4 |
_aالجامعات والكليات _xتنظيم وادارة. |
|
| 650 | 4 |
_aالجامعات والكليات _xاغراضه واهدافه. |
|
| 700 | 0 |
_aلوجمان، هيرمان د.، _eم. مشارك. |
|
| 700 | 0 |
_aدولينس، مايكل ج.، _eم. مشارك. |
|
| 700 | 0 |
_aالملاح، عمرو، _eمترجم. |
|
| 999 |
_c3235 _d3235 |
||